书目信息 |
| 题名: |
达尔文回忆录
|
|
| 作者: | 达尔文 著 ;毕黎 译注 | |
| 分册: | ||
| 出版信息: | 北京 商务印书馆 1982 |
|
| 页数: | 190页 | |
| 开本: | 21cm | |
| 丛书名: | ||
| 单 册: | ||
| 中图分类: | K835.616.1 | |
| 科图分类: | ||
| 主题词: | 历史 , 地理 | |
| 电子资源: | ||
| ISBN: | ||
| 000 | 00730nam0 2200253 45 | |
| 001 | 0182000810 | |
| 005 | 20060419153516.89 | |
| 010 | @dCNY1.05 | |
| 091 | @a11017.563 | |
| 100 | @a19950628d1982 em y0chiy0121 ea | |
| 101 | 1 | @achi@ceng |
| 102 | @aCN@b110000 | |
| 105 | @ac zz 000yd | |
| 200 | 10 | @a达尔文回忆录@Ada er wen hui yi lu@e我的思想和性格的发展回忆录@f(英)达尔文著@F(ying)da er wen zhu@g毕黎译注 |
| 210 | @a北京@c商务印书馆@d1982 | |
| 215 | @a190页@c照片@d21cm | |
| 606 | 0 | @a历史 |
| 606 | 0 | @a地理 |
| 690 | @aK835.616.1 | |
| 701 | 1 | @a达尔文@Ada er wen@4著 |
| 702 | 0 | @a毕黎@Abi li@4译注 |
| 801 | 2 | @aCN@bNLC@c20060419 |
| 801 | 0 | @aCN@b上海图书馆@c20040512 |
| 905 | @f1@b210103@dK835.616.1@e106@b130064@f1 | |
| 达尔文回忆录:我的思想和性格的发展回忆录/(英)达尔文著/毕黎译注.-北京:商务印书馆,1982 |
| 190页:照片;21cm |
| ISBN :CNY1.05 |
| ● |
| 相关链接 |
|
|
|
|
正题名:达尔文回忆录
索取号:K835.616.1/106
 
预约/预借
| 序号 | 登录号 | 条形码 | 馆藏地/架位号 | 状态 | 备注 |
| 1 | 0130063 | 202266341 | 密集书库/ [索取号:K835.616.1/106] | 在馆 | |
| 2 | 0130064 | 001544582 | 第二借阅区/ [索取号:K835.616.1/106] | 在馆 | |
| 3 | 0130065 | 001540265 | 第二样本阅览室/ [索取号:K835.616.1/106] | 在馆 | |
| 4 | 0210102 | 202266671 | 密集书库/ [索取号:K835.616.1/106] | 在馆 | |
| 5 | 0210103 | 001540256 | 第二借阅区/ [索取号:K835.616.1/106] | 在馆 | |
| 6 | 0210104 | 202266305 | 密集书库/ [索取号:K835.616.1/106] | 在馆 |